POND FERTILIZATION AND FISH FEEDS (Record no. 216093)

MARC details
000 -LEADER
fixed length control field 00424nam a22001577a 4500
008 - FIXED-LENGTH DATA ELEMENTS--GENERAL INFORMATION
fixed length control field 250915b |||||||| |||| 00| 0 eng d
020 ## - INTERNATIONAL STANDARD BOOK NUMBER
International Standard Book Number 979-8-88715-061-1
100 ## - MAIN ENTRY--PERSONAL NAME
Personal name ABRAHAMSON MATT
245 ## - TITLE STATEMENT
Title POND FERTILIZATION AND FISH FEEDS
260 ## - PUBLICATION, DISTRIBUTION, ETC.
Place of publication, distribution, etc. DUBLIN
Name of publisher, distributor, etc. ORYSON PRESS
Date of publication, distribution, etc. 2023
300 ## - PHYSICAL DESCRIPTION
Extent 280P.
500 ## - GENERAL NOTE
General note INCLUDES AN INDEX
650 ## - SUBJECT ADDED ENTRY
Topical term or geographic name entry element AQUACULTURE FEEDING AND FEEDS
942 ## - ADDED ENTRY ELEMENTS (KOHA)
Source of classification or shelving scheme Library of Congress Classification
Koha item type Long Loan Book
Holdings
Withdrawn status Lost status Source of classification or shelving scheme Damaged status Not for loan Collection Home library Current library Shelving location Date acquired Inventory number Total checkouts Full call number Barcode Date last seen Copy number Price effective from Koha item type
    Library of Congress Classification     Science & Technology Kisii University Library Kisii University Library On Display 09/15/2025 109525   SH 401.5 .A27 2023 000000023838 09/15/2025 C.1 09/15/2025 Long Loan Book
    Library of Congress Classification     Science & Technology Kisii University Library Kisii University Library On Display 09/15/2025 109526   SH 401.5 .A27 2023 000000023837 09/15/2025 C.2 09/15/2025 Long Loan Book
    Library of Congress Classification     Science & Technology Kisii University Library Kisii University Library On Display 09/15/2025 109527   SH 401.5 .A27 2023 000000023836 09/15/2025 C.3 09/15/2025 Long Loan Book
    Library of Congress Classification     Science & Technology Kisii University Library Kisii University Library On Display 09/15/2025 109528   SH 401.5 .A27 2023 000000023835 09/15/2025 C.4 09/15/2025 Long Loan Book